USA Quiz Stats

 Plays Quiz Updated Jul 4, 2013

Also try: Missing Vowels
Challenge
Share
Tweet
Embed
Score 0/20 Timer 04:00
0 Plays Today
Missing Word or Phrase Answer % Correct
_ U _ S _ A _TUESDAY
97.3%
_ U S _ A _ _ _MUSTACHE
95.5%
_ U S _ _ ARUSSIA
95%
_ U S _ _ A _MUSICAL
94.9%
_ U S _ A _ _HUSBAND
92.7%
_ _ U _ S_ A _ _LOUISIANA
91.3%
U _ _ _ _    S A _ UNCLE SAM
90.5%
_ _ U S _ _ _ A _MOUSETRAP
89.1%
_ U S _ _ A _ _ _AUSTRALIA
88.8%
U _ S _ _ AURSULA
87%
Missing Word or Phrase Answer % Correct
_ U _ - _ _ - S A _CUL-DE-SAC
77.5%
_ U S _ _ _ _ A _CUSTODIAN
73.4%
_ _ U S A _ _SAUSAGE
71.5%
_ _ _ U S A _ _THOUSAND
70.8%
_ _ U S _ _ _ A _HOUSEBOAT
70.3%
_ _ U S A _ _CRUSADE
64.2%
_ U _ _ S _ AAUGUSTA
63.9%
_ U _ _ _ S A _ _QUICKSAND
63.8%
_ _     _ U S A _ _ _OH SUSANNA
50.3%
_ U _ S A _QUASAR
43.9%

You're not logged in!

Compare scores with friends on all Sporcle quizzes.
OR
Log In

You Might Also Like...

Show Comments

Extras

Top Quizzes Today


Score Distribution

Your Account Isn't Verified!

In order to create a playlist on Sporcle, you need to verify the email address you used during registration. Go to your Sporcle Settings to finish the process.

Report this User

Report this user for behavior that violates our Community Guidelines.

Details: